00920nam a2200217 a 450000100100000000500170001000800410002702000150006804000250008308200150010810000370012324501860016025000330034626000450037930000360042450000690046050000620052950400320059170000410062370000380066400004566420201002052357.0150422s2004 dr a 000 0 spa d a9993423599 aDO-SdBNPbspacBNPHU axxxxbxxxx1 aGuzmán de Camacho, Ana Dolores10aOrientaciones didácticas para el proceso enseñanza-aprendizaje /cAna Dolores Guzmán de Camacho, Milagros Concepción Calderón ; presentacion ; Josefina Mercedes de Costes. a2a ed. (revisada y ampliada) aSanto Domingo :bAmigo del Hogar,c2004. a241 p. :bil., retrs. ;c23 cm. aIncluye datos biográficos de las autoras en la contracubierta. aPerteneció a la biblioteca personal de Erick Landestoy. aBibliografía : p. 235-24012aCostes, Josefina Mercedes de,epres.12aConcepción Calderón, Milagros